Climate Change - Statistics

General Stats
  • This quiz has been taken 61 times
  • The average score is 7 of 10
Answer Stats
Question Answer % Correct
Solar radiation that passes through the atmosphere and reaches Earth’s surface is either reflected or ... absorbed
93%
Climate change refers to ... long-term shifts in temperatures and weather patterns
86%
Which factor is not involved in measuring climate change? Daily weather patterns
79%
Which sector does not contribute significantly to greenhouse gas emissions? Health
79%
Clouds influence the greenhouse effect. True
64%
Which of the following is not a major greenhouse gas? Oxygen (O2)
57%
What is the cryosphere? The frozen components of the Earth's surface, including snow, ice caps, glaciers, and permafrost
57%
The oceans have absorbed about a quarter of cumulative CO2 emissions released into the atmosphere since the 19th century. As a result ... ocean pH levels have decreased by 0.1
50%
Solar radiation is primarily composed of ... short-wave radiation
50%
IPCC stands for ... Intergovernmental Panel on Climate Change
43%
No matching quizzes found
Score Distribution
Percent of People with Each Score
Percentile by Number Answered
Your Score History
You have not taken this quiz